|
|
|
|
| LEADER |
00000nam0a2200000 4500 |
| 001 |
196415 |
| 005 |
20231031183054.0 |
| 010 |
|
|
|a 9785836503581
|
| 035 |
|
|
|a (RuTPU)RU\TPU\book\214277
|
| 090 |
|
|
|a 196415
|
| 100 |
|
|
|a 20110524d2010 m y0rusy50 ca
|
| 101 |
0 |
|
|a rus
|
| 102 |
|
|
|a RU
|
| 105 |
|
|
|a a j 001zy
|
| 200 |
1 |
|
|a Газоперекачивающие агрегаты с газотурбинным приводом на магистральных газопроводах
|e учебное пособие
|f Б. П. Поршаков, А. С. Лопатин, С. М. Купцов, К. Х. Шотиди
|g Российский государственный университет нефти и газа им. И. М. Губкина (РГУ Нефти и Газа)
|
| 210 |
|
|
|a Москва
|c Недра
|d 2010
|
| 215 |
|
|
|a 246 с.
|c ил.
|
| 320 |
|
|
|a Библиогр.: с. 244-245.
|
| 330 |
|
|
|a В данном учебном пособии рассмотрена общая теория газотурбинных установок открытого цикла применительно к их использованию на компрессорных станциях магистральных газопроводов. Проанализированы основные пути и способы повышения эффективности их использования при различных режимах работы компрессорных станций. Книга снабжена большим количеством иллюстративного материала с приведением ряда задач, характерных для режимов работы газотурбинных установок на газопроводах. Учебное пособие предназначено в первую очередь для студентов вузов и факультетов нефтегазового профиля, специализирующихся на работе на компрессорных станциях магистральных газопроводов с газотурбинным типом привода. Оно может быть полезно и для инженерно-технических работников, занимающихся эксплуатацией и обслуживанием этих агрегатов на компрессорных станциях.
|
| 333 |
|
|
|a Исключено из фонда НТБ ТПУ
|
| 675 |
|
|
|a 622.691.4.05(075.8)
|v 3
|
| 701 |
|
1 |
|a Поршаков
|b Б. П.
|g Борис Павлович
|
| 701 |
|
1 |
|a Лопатин
|b А. С.
|g Алексей Сергеевич
|
| 701 |
|
1 |
|a Купцов
|b С. М.
|g Сергей Михайлович
|
| 701 |
|
1 |
|a Шотиди
|b К. Х.
|g Константин Харлампиевич
|
| 712 |
0 |
2 |
|a Российский государственный университет нефти и газа им. И. М. Губкина (РГУ Нефти и Газа)
|c (Москва)
|c (1998- )
|2 stltpush
|3 (RuTPU)RU\TPU\col\408
|
| 801 |
|
1 |
|a RU
|b 63413507
|c 20110524
|
| 801 |
|
2 |
|a RU
|b 63413507
|c 20210609
|g RCR
|
| 942 |
|
|
|c BK
|